Be proactive for the better (Record no. 83531)

MARC details
000 -LEADER
fixed length control field 00771cab a22001935a 4500
001 - CONTROL NUMBER
control field L154202
008 - FIXED-LENGTH DATA ELEMENTS--GENERAL INFORMATION
fixed length control field 111031e20111022xxk 000 0 eng d
035 ## - SYSTEM CONTROL NUMBER
System control number (Sirsi) u154202
041 0# - LANGUAGE CODE
Language code of text/sound track or separate title eng
100 1# - MAIN ENTRY--PERSONAL NAME
Personal name Armitage, Simon
245 00 - TITLE STATEMENT
Title Be proactive for the better
260 ## - PUBLICATION, DISTRIBUTION, ETC.
Date of publication, distribution, etc. 2011
490 ## - SERIES STATEMENT
Series statement Estates Gazette
Volume/sequential designation (1142) 22 October 2011, 116-117(2)
520 ## - SUMMARY, ETC.
Summary, etc. Article on vacant property management explains that empty properties should be kept in repair to obtain the best return and comply with legal obligations. Includes information on how to cope with squatters, effective decommissioning, and how vacant property can qualify for empty property rates relief.
590 ## - LOCAL NOTE (RLIN)
Local note KA
651 #4 - SUBJECT ADDED ENTRY--GEOGRAPHIC NAME
Geographic name United Kingdom
690 ## - LOCAL SUBJECT ADDED ENTRY--TOPICAL TERM (OCLC, RLIN)
Topical term or geographic name as entry element Block management
9 (RLIN) 6220
942 ## - ADDED ENTRY ELEMENTS (KOHA)
Suppress in OPAC 0
Holdings
Withdrawn status Lost status Source of classification or shelving scheme Damaged status Not for loan Home library Current library Shelving location Date acquired Total Checkouts Full call number Barcode Date last seen Copy number Price effective from Koha item type
    Dewey Decimal Classification     London London Journal article 31/10/2011   L154202 154202-1001 06/08/2019 1 06/08/2019 Journal article